Selected Aerothermodynamic Design Problems of Hypersonic Flight Vehicles [electronic resource] / by Ernst Heinrich Hirschel, Claus Weiland.
Record details
- ISBN: 9783540899747
- Physical Description: online resource.
- Publisher: Berlin, Heidelberg : Springer Berlin Heidelberg, 2009.
Search for related items by subject
| Subject: | Engineering. Engineering. Automotive Engineering. Computational Intelligence. |
Electronic resources
| LDR | 01356nam a22003735i 4500 | ||
|---|---|---|---|
| 001 | 37841 | ||
| 003 | CONS | ||
| 005 | 20131220214330.0 | ||
| 007 | cr nn 008mamaa | ||
| 008 | 100301s2009 gw | s |||| 0|eng d | ||
| 020 | . | ‡a9783540899747 ‡9978-3-540-89974-7 | |
| 024 | 7 | . | ‡a10.1007/978-3-540-89974-7 ‡2doi |
| 035 | . | ‡a(DE-He213)978-3-540-89974-7 | |
| 050 | 4. | ‡aTL1-483 | |
| 072 | 7. | ‡aTRC ‡2bicssc | |
| 072 | 7. | ‡aTRCS ‡2bicssc | |
| 072 | 7. | ‡aTEC009090 ‡2bisacsh | |
| 100 | 1 | . | ‡aHirschel, Ernst Heinrich. ‡eauthor. |
| 245 | 1 | 0. | ‡aSelected Aerothermodynamic Design Problems of Hypersonic Flight Vehicles ‡h[electronic resource] / ‡cby Ernst Heinrich Hirschel, Claus Weiland. |
| 264 | 1. | ‡aBerlin, Heidelberg : ‡bSpringer Berlin Heidelberg, ‡c2009. | |
| 300 | . | ‡bonline resource. | |
| 336 | . | ‡atext ‡btxt ‡2rdacontent | |
| 337 | . | ‡acomputer ‡bc ‡2rdamedia | |
| 338 | . | ‡aonline resource ‡bcr ‡2rdacarrier | |
| 347 | . | ‡atext file ‡bPDF ‡2rda | |
| 650 | 0. | ‡aEngineering. | |
| 650 | 1 | 4. | ‡aEngineering. |
| 650 | 2 | 4. | ‡aAutomotive Engineering. |
| 650 | 2 | 4. | ‡aComputational Intelligence. |
| 700 | 1 | . | ‡aWeiland, Claus. ‡eauthor. |
| 710 | 2 | . | ‡aSpringerLink (Online service) |
| 773 | 0 | . | ‡tSpringer eBooks |
| 776 | 0 | 8. | ‡iPrinted edition: ‡z9783540899730 |
| 856 | 4 | 0. | ‡uhttp://biblioteca.ipicyt.edu.mx:2048/login?url=http://dx.doi.org/10.1007/978-3-540-89974-7 ‡yTexto completo ‡9CONS |
| 950 | . | ‡aEngineering (Springer-11647) | |
| 901 | . | ‡a37841 ‡b ‡c37841 ‡tbiblio ‡sSystem Local | |